000 00938nam a22002057a 4500
003 OSt
005 20161115104814.0
008 150407b slv spa
040 _cBMC
082 _a370
100 1 _940410
_aMacal Retana, José Francisco
245 1 0 _aTutorías para estudiantes del programa de english access IV, UNICAES
_b: proyecto
_cJosé Francisco Macal Retana
260 _aSanta Ana (El Salvador)
_bUniversidad Católica de El Salvador
_c2016
300 _a1 v. (pág. var.)
_bil. col.
_c27 cm
_e+ 1 disco compacto
500 _aPrecede al tít.: Universidad Católica de El Salvador, Facultad de Ciencias y Humanidades
502 _aTrabajo de graduación para optar al grado académico de Licenciatura en Ciencias de la Educación con Especialidad en Idioma Ingles
650 2 4 _9472
_aEducación
710 2 _91075
_aUniversidad Católica de El Salvador
_bFacultad de Ciencias y Humanidades
942 _2ddc
_cTG
999 _c26484
_d26484